|
|
|
|
| LEADER |
00000nam a2200000 a 4500 |
| 005 |
20110518131457.0 |
| 008 |
101118s2010 it 000 ita d |
| 022 |
|
|
|a 9788884229700
|
| 035 |
|
|
|a 5448
|
| 040 |
|
|
|a BUS
|d vLex
|
| 090 |
|
|
|c 2102
|d 2102
|
| 100 |
1 |
|
|a Garofalo, Mario Giovanni.
|
| 245 |
1 |
3 |
|a Commentario al contratto collettivo nazionale di lavoro dei metalmeccanici
|h [Recurso electrn̤ico] /
|c Mario Giovanni Garofalo, Massimo Roccella.
|
| 256 |
|
|
|a Servicio en ln̕ea.
|
| 260 |
|
|
|a [Bari] :
|b Cacucci Editore,
|c 2010.
|
| 506 |
1 |
|
|a Contenido solo disponible en los productos indicados
|d vLex Global
|d vLex Global (Academic Edition, excluding Law Schools)
|d vLex Global (U.S. Academic Edition, Law Schools)
|d vLex Global (U.S. Academic Edition, excluding Law Schools)
|d vLex Global (Academic Edition, Law Schools)
|
| 650 |
0 |
4 |
|a Convenios colectivos
|z Italia.
|
| 700 |
1 |
|
|a Roccella, Massimo
|e coautor.
|
| 740 |
0 |
|
|a vLex Libros (Servicio en ln̕ea)
|
| 856 |
|
|
|u http://vlex.com/source/commentario-contratto-collettivo-nazionale-lavoro-metalmeccanici-5448
|z Acceso restringido
|
| 942 |
|
|
|c BOOK
|